Stazioni Ferrovia TIRANO-MILANO C.le - Statistics

Statistiche generali
  • Questo quiz è stato fatto 46 volte
  • Il punteggio medio è 25 su 41
Statistiche sulle risposte
Hint Risposta % Corretto
MILANO CENTRALE Milano Centrale
91%
Monza
84%
LECCO Lecco
81%
Colico
78%
Morbegno
78%
SONDRIO Sondrio
78%
TIRANO Tirano
78%
Tresenda-Aprica-Teglio
78%
Bellano Tartavalle Terme
75%
Calolziocorte Olginate
75%
Sesto San Giovanni
75%
Varenna Esino
72%
Abbadia Lariana
69%
Arcore
69%
Mandello del Lario
66%
Talamona
66%
Villa di TIrano
66%
Carnate-Usmate
59%
Cernusco-Merate
59%
Olgiate-Calco-Brivio
59%
Delebio
56%
Dervio
56%
Dorio
56%
Lecco Maggianico
56%
Ardenno Masino
53%
Chiuro
53%
Cosio Traona
53%
Lierna
53%
Piona
53%
Ponte in Valtellina
53%
San Pietro Berbenno
53%
(Stazione inutilizzata) Castione Andevenno
50%
Fiumelatte
50%
Osnago
47%
Poggiridenti-Tresivio-Piateda
47%
(Linea LECCO-BERGAMO) Vercurago San Girolamo
47%
Airuno
44%
Bianzone
41%
(Fermata dismessa) Rogolo
41%
Olcio
38%
San Giacomo di Teglio
31%
Nessun quiz corrispondente trovato
Distribuzione punteggi
Percentuale di utenti per punteggio
Percentile per numero di risposta
I tuoi punteggi nel tempo
Non hai fatto questo quiz